000 00524nam a2200157Ia 4500
003 IN-BaIIA
008 211028s9999 xx 000 0 eng d
040 _cIIA Library
080 _a770
_bVAN
100 _aMonckhoven, Van D
_92102
245 2 _aA popular treatise photography also a description of and remarks on the stercoscope and photographic optics
_cVan D Monckhoven
260 _aLondon
_bVirtue Brothers
_c1863
300 _a137p.
650 _aPhotography
_92103
942 _cBK
999 _c974
_d974